<?xml version="1.0" encoding="UTF-8"?>
<record
    xmlns:xsi="http://www.w3.org/2001/XMLSchema-instance"
    xsi:schemaLocation="http://www.loc.gov/MARC21/slim http://www.loc.gov/standards/marcxml/schema/MARC21slim.xsd"
    xmlns="http://www.loc.gov/MARC21/slim">

  <leader>02951nam a22001817a 4500</leader>
  <controlfield tag="008">120823t        xxu||||| |||| 00| 0 eng d</controlfield>
  <datafield tag="020" ind1=" " ind2=" ">
    <subfield code="a">0072890320</subfield>
  </datafield>
  <datafield tag="050" ind1=" " ind2=" ">
    <subfield code="a">QA76.9.W43 P73</subfield>
  </datafield>
  <datafield tag="100" ind1=" " ind2=" ">
    <subfield code="a">Prayaga, Lakshmi</subfield>
  </datafield>
  <datafield tag="245" ind1=" " ind2=" ">
    <subfield code="a">Programming the web with coldfusion MX 6.1 using XHTML. /</subfield>
    <subfield code="c">Lakshmi Prayaga and Hamsa Suri</subfield>
  </datafield>
  <datafield tag="260" ind1=" " ind2=" ">
    <subfield code="a">Boston:</subfield>
    <subfield code="b">McGraw Hill,</subfield>
    <subfield code="c">c2004.</subfield>
  </datafield>
  <datafield tag="300" ind1=" " ind2=" ">
    <subfield code="a">xx, 489 p.:</subfield>
    <subfield code="b">ill.;</subfield>
    <subfield code="c">23cm.</subfield>
  </datafield>
  <datafield tag="500" ind1=" " ind2=" ">
    <subfield code="a">Includes index.</subfield>
  </datafield>
  <datafield tag="505" ind1=" " ind2=" ">
    <subfield code="a">Contents: Coldfusion MX 6.1: Client/server technologies -- Architecture and dynamics of a web application -- History of coldfusion -- Coldfusion MX 6.1 developer edition -- Writing a ''hello world'' program in coldfusion -- Coldfusion administrator -- Organization of the book -- Coldfusion: basics: Dynamic versus static web pages -- Variables, expressions, and operators -- Web application framework -- Coldfusion control structures(CFML flow): Control structures -- Loop structures -- Forms: Creating coldfusion forms -- Form processing in coldfusion -- Processing input from radio buttons -- Processing input from checkboxes -- Processing input from list boxes -- Processing input from a textarea -- Validation of form fields -- Enhancing functionality -- Coldfusion forms and databases -- Database basics: connectivity, simple queries, and security issues -- Cold fusion and database interaction -- Accessing the data source via SQL to retrieve and display data -- Managing data: insert, update, and delete records -- Security issues of databases on the coldfusion server -- Advanced database features: SQL aggregate functions -- Transaction processing and security of the database -- Stored procedures -- Dynamic SQL -- Working with dates -- Built-in functions: String manipulation -- Decision or boolean functions -- Mathematical functions -- Date and time functions -- Evaluation of expressions -- System functions -- Complex data types: Introduction to complex data types -- Lists -- Arrays -- Structures -- Building a multi-term shopping cart -- Server-side scripting -- Molecular code: Molecular coding -- Using include files -- User-defined functions -- Reusing code with custom tags -- Coldfusion MX components -- Cool features: Suppressing output -- Debugging -- Exception handling -- Sitewise error handling -- Logging messages -- Abort processing -- Template redirection -- File handling -- Sending email -- Graphs and charts -- Generating XML -- E-Commerce shopping cart application: E-Commerce and the shopping cart -- High-level flow diagram -- Data structures -- Session variables -- The Application.cfm file -- Include files -- Sitewise error handling -- Product catalog -- Shopping cart -- Customer information page -- Order review page -- Order confirmation page -- Shopping cart enhancements -- Other suggested projects -- Appendix A: SQL commands -- Appendix B: XHTML versus HTML tags ordered by function. </subfield>
  </datafield>
  <datafield tag="650" ind1=" " ind2=" ">
    <subfield code="b">Programming</subfield>
  </datafield>
  <datafield tag="700" ind1=" " ind2=" ">
    <subfield code="a">Suri, Hamsa</subfield>
  </datafield>
  <datafield tag="942" ind1=" " ind2=" ">
    <subfield code="2">lcc</subfield>
    <subfield code="c">BK</subfield>
  </datafield>
  <datafield tag="999" ind1=" " ind2=" ">
    <subfield code="c">2147</subfield>
    <subfield code="d">9647</subfield>
  </datafield>
  <datafield tag="952" ind1=" " ind2=" ">
    <subfield code="0">0</subfield>
    <subfield code="1">0</subfield>
    <subfield code="2">lcc</subfield>
    <subfield code="4">0</subfield>
    <subfield code="7">0</subfield>
    <subfield code="a">WIUC-1</subfield>
    <subfield code="b">WIUC-1</subfield>
    <subfield code="c">GEN</subfield>
    <subfield code="d">2012-08-23</subfield>
    <subfield code="l">0</subfield>
    <subfield code="o">QA76.9.W43 P73</subfield>
    <subfield code="p">5098/12</subfield>
    <subfield code="r">2012-08-23 00:00:00</subfield>
    <subfield code="t">1</subfield>
    <subfield code="w">2012-08-23</subfield>
    <subfield code="y">BK</subfield>
  </datafield>
  <datafield tag="952" ind1=" " ind2=" ">
    <subfield code="0">0</subfield>
    <subfield code="1">0</subfield>
    <subfield code="2">lcc</subfield>
    <subfield code="4">0</subfield>
    <subfield code="7">0</subfield>
    <subfield code="a">WIUC-1</subfield>
    <subfield code="b">WIUC-1</subfield>
    <subfield code="c">GEN</subfield>
    <subfield code="d">2012-08-23</subfield>
    <subfield code="l">0</subfield>
    <subfield code="o">QA76.9.W43 P731</subfield>
    <subfield code="p">5099/12</subfield>
    <subfield code="r">2012-08-23 00:00:00</subfield>
    <subfield code="t">2</subfield>
    <subfield code="w">2012-08-23</subfield>
    <subfield code="y">BK</subfield>
  </datafield>
</record>
